| 000 | 00414 a2200157 4500 | ||
|---|---|---|---|
| 003 | CO-MdFUSB | ||
| 005 | 20160601152711.0 | ||
| 008 | 160601b xxu||||| |||| 00| 0 eng d | ||
| 020 | _a978-84-220-167-1 | ||
| 040 | _cCO-MdFUSB | ||
| 100 | _aSalguero, Jose, OP | ||
| 245 | _aEpístolas Católicas. Apocalipsis | ||
| 250 | _aPrimera edición | ||
| 264 |
_aBiblioteca de Autores Cristianos _c2013 |
||
| 942 | _cBK | ||
| 999 |
_c63715 _d63715 |
||